[Event "EYCC 2024 - G18"]
[Site "?"]
[Date "2024.08.23"]
[Round "2.1"]
[White "Berezovsky, Fiorina"]
[Black "Orian, Noga"]
[Result "0-1"]
[BlackElo "2201"]
[WhiteElo "1976"]
[LiveChessVersion "1.4.8"]

1. d4 {[%clk 1:30:54]} d5 {[%clk 1:30:54]} 2. c4 {[%clk 1:31:12]} e6
{[%clk 1:31:20]} 3. Nc3 {[%clk 1:31:29]} Nf6 {[%clk 1:31:44]} 4. Nf3
{[%clk 1:31:47]} dxc4 {[%clk 1:32:07]} 5. Qa4+ {[%clk 1:28:51]} Nbd7
{[%clk 1:30:41]} 6. Qxc4 {[%clk 1:28:12]} a6 {[%clk 1:29:20]} 7. Bg5
{[%clk 1:18:26]} b5 {[%clk 1:27:26]} 8. Qd3 {[%clk 1:06:23]} Bb7 {[%clk 1:26:31]}
9. g3 {[%clk 1:00:33]} h6 {[%clk 1:17:55]} 10. Bxf6 {[%clk 1:00:22]} Nxf6
{[%clk 1:17:48]} 11. Bg2 {[%clk 0:59:59]} c5 {[%clk 1:17:29]} 12. O-O
{[%clk 0:56:14]} Rc8 {[%clk 1:15:16]} 13. dxc5 {[%clk 0:50:11]} Qxd3
{[%clk 1:15:24]} 14. exd3 {[%clk 0:50:34]} Bxc5 {[%clk 1:15:36]} 15. Nd2
{[%clk 0:40:17]} Bxg2 {[%clk 1:15:18]} 16. Kxg2 {[%clk 0:40:42]} Ke7
{[%clk 1:13:38]} 17. Nde4 {[%clk 0:37:33]} Bd4 {[%clk 1:12:01]} 18. Rac1
{[%clk 0:37:11]} Rhd8 {[%clk 1:08:49]} 19. Nxf6 {[%clk 0:34:03]} Bxf6
{[%clk 1:07:47]} 20. Rfd1 {[%clk 0:30:54]} b4 {[%clk 0:59:35]} 21. Na4
{[%clk 0:30:29]} Rxc1 {[%clk 0:59:56]} 22. Rxc1 {[%clk 0:30:53]} Rxd3
{[%clk 1:00:23]} 23. Rc7+ {[%clk 0:28:04]} Rd7 {[%clk 1:00:37]} 24. Rc6
{[%clk 0:27:03]} Bd4 {[%clk 0:55:37]} 25. Rxa6 {[%clk 0:23:59]} Ra7
{[%clk 0:55:52]} 26. Rxa7+ {[%clk 0:24:26]} Bxa7 {[%clk 0:56:18]} 27. a3
{[%clk 0:24:43]} bxa3 {[%clk 0:56:11]} 28. bxa3 {[%clk 0:25:07]} Bd4
{[%clk 0:56:37]} 29. Kf3 {[%clk 0:24:17]} f5 {[%clk 0:56:34]} 30. Ke2
{[%clk 0:24:38]} h5 {[%clk 0:52:22]} 31. Kd3 {[%clk 0:20:42]} Bxf2
{[%clk 0:52:36]} 32. Nc3 {[%clk 0:21:01]} Kd6 {[%clk 0:45:10]} 33. Kc4
{[%clk 0:19:59]} Kc6 {[%clk 0:45:30]} 34. a4 {[%clk 0:18:55]} g5 {[%clk 0:43:36]}
35. a5 {[%clk 0:17:18]} Be1 {[%clk 0:43:24]} 36. Ne2 {[%clk 0:13:06]} Bxa5
{[%clk 0:43:23]} 37. Nd4+ {[%clk 0:12:16]} Kd6 {[%clk 0:42:53]} 38. Kd3
{[%clk 0:12:10]} Bb6 {[%clk 0:42:50]} 39. Ne2 {[%clk 0:12:16]} Bf2
{[%clk 0:41:58]} 40. Nc3 {[%clk 0:10:42]} Bg1 {[%clk 0:41:52]} 41. h3
{[%clk 0:10:58]} Bf2 {[%clk 0:41:51]} 42. g4 {[%clk 0:10:30]} hxg4
{[%clk 0:36:35]} 43. hxg4 {[%clk 0:10:47]} Ke5 {[%clk 0:36:23]} 44. gxf5
{[%clk 0:10:44]} exf5 {[%clk 0:36:25]} 45. Nd1 {[%clk 0:10:33]} Bd4
{[%clk 0:36:47]} 0-1

[Event "EYCC 2024 - G18"]
[Site "?"]
[Date "2024.08.23"]
[Round "2.2"]
[White "Karacsonyi, Kata"]
[Black "Karaivanova, Petya"]
[Result "1-0"]
[BlackElo "1969"]
[WhiteElo "2184"]
[LiveChessVersion "1.4.8"]

1. e4 {[%clk 1:30:56]} e5 {[%clk 1:30:56]} 2. Nf3 {[%clk 1:31:19]} Nc6
{[%clk 1:31:23]} 3. Bb5 {[%clk 1:31:41]} a6 {[%clk 1:31:48]} 4. Ba4
{[%clk 1:32:02]} g6 {[%clk 1:32:13]} 5. c3 {[%clk 1:31:36]} Bg7 {[%clk 1:32:37]}
6. d4 {[%clk 1:26:48]} exd4 {[%clk 1:31:31]} 7. cxd4 {[%clk 1:27:10]} b5
{[%clk 1:31:57]} 8. Bc2 {[%clk 1:26:33]} d6 {[%clk 1:32:22]} 9. h3
{[%clk 1:24:03]} Nf6 {[%clk 1:31:56]} 10. O-O {[%clk 1:19:18]} Bb7
{[%clk 1:32:18]} 11. Re1 {[%clk 1:13:48]} O-O {[%clk 1:32:28]} 12. a3
{[%clk 1:00:35]} Re8 {[%clk 1:32:17]} 13. Nbd2 {[%clk 0:57:30]} Rc8
{[%clk 1:31:09]} 14. Nf1 {[%clk 0:44:49]} Nb8 {[%clk 1:20:47]} 15. Ng3
{[%clk 0:42:32]} c5 {[%clk 1:12:56]} 16. d5 {[%clk 0:23:07]} Nbd7
{[%clk 1:10:25]} 17. Bf4 {[%clk 0:21:44]} Nb6 {[%clk 1:08:49]} 18. h4
{[%clk 0:17:57]} Ng4 {[%clk 1:04:22]} 19. Rb1 {[%clk 0:10:58]} Nc4
{[%clk 1:03:28]} 20. Qc1 {[%clk 0:09:31]} Bd4 {[%clk 0:50:44]} 21. Nxd4
{[%clk 0:09:17]} cxd4 {[%clk 0:51:09]} 22. Bg5 {[%clk 0:06:11]} Qb6
{[%clk 0:46:23]} 23. Qf4 {[%clk 0:03:49]} Nce5 {[%clk 0:43:57]} 24. Bd1
{[%clk 0:04:06]} Nd3 {[%clk 0:34:10]} 25. Qxg4 {[%clk 0:04:06]} Nxe1
{[%clk 0:34:18]} 26. Bf6 {[%clk 0:03:44]} h5 {[%clk 0:13:04]} 27. Qg5
{[%clk 0:03:29]} Kh7 {[%clk 0:13:29]} 28. Nf5 {[%clk 0:03:46]} 1-0

[Event "EYCC 2024 - G18"]
[Site "?"]
[Date "2024.08.23"]
[Round "2.3"]
[White "Sereda, Yaroslava"]
[Black "Zito, Enrica"]
[Result "1-0"]
[BlackElo "2108"]
[WhiteElo "1972"]
[LiveChessVersion "1.4.8"]

1. e4 {[%clk 1:30:58]} c5 {[%clk 1:30:56]} 2. Nf3 {[%clk 1:31:18]} Nc6
{[%clk 1:31:21]} 3. d4 {[%clk 1:31:37]} cxd4 {[%clk 1:31:46]} 4. Nxd4
{[%clk 1:32:00]} Nf6 {[%clk 1:32:10]} 5. Nc3 {[%clk 1:32:18]} e5 {[%clk 1:32:35]}
6. Ndb5 {[%clk 1:32:38]} d6 {[%clk 1:33:01]} 7. Nd5 {[%clk 1:32:48]} Nxd5
{[%clk 1:33:26]} 8. exd5 {[%clk 1:33:11]} Nb8 {[%clk 1:33:52]} 9. a4
{[%clk 1:32:50]} Be7 {[%clk 1:33:49]} 10. Be2 {[%clk 1:32:09]} O-O
{[%clk 1:34:03]} 11. Bd2 {[%clk 1:31:38]} Nd7 {[%clk 1:25:12]} 12. a5
{[%clk 1:23:49]} a6 {[%clk 1:25:04]} 13. Na3 {[%clk 1:23:37]} f5 {[%clk 1:20:19]}
14. O-O {[%clk 1:19:18]} Bg5 {[%clk 1:10:35]} 15. Bb4 {[%clk 0:57:59]} Rf6
{[%clk 0:54:37]} 16. Nc4 {[%clk 0:56:25]} Nf8 {[%clk 0:54:55]} 17. Qd3
{[%clk 0:48:05]} Rh6 {[%clk 0:38:51]} 18. Qa3 {[%clk 0:40:18]} Ng6
{[%clk 0:30:39]} 19. Bxd6 {[%clk 0:32:26]} Nf4 {[%clk 0:29:15]} 20. Rfe1
{[%clk 0:15:31]} e4 {[%clk 0:19:37]} 21. Bxf4 {[%clk 0:11:02]} Bxf4
{[%clk 0:19:58]} 22. g3 {[%clk 0:10:54]} Bg5 {[%clk 0:16:40]} 23. Bf1
{[%clk 0:09:43]} Bd7 {[%clk 0:15:38]} 24. Nb6 {[%clk 0:09:13]} Rb8
{[%clk 0:15:42]} 25. Rad1 {[%clk 0:08:20]} Be8 {[%clk 0:14:14]} 26. c4
{[%clk 0:06:57]} Bh5 {[%clk 0:13:50]} 27. Be2 {[%clk 0:07:12]} Qe8
{[%clk 0:13:54]} 28. f4 {[%clk 0:05:25]} Bd8 {[%clk 0:12:19]} 29. Qe3
{[%clk 0:04:51]} Be7 {[%clk 0:11:14]} 30. c5 {[%clk 0:03:48]} Rd8
{[%clk 0:08:28]} 31. d6 {[%clk 0:03:19]} Bf6 {[%clk 0:07:49]} 32. Nd5
{[%clk 0:02:52]} Bxe2 {[%clk 0:04:25]} 33. Rxe2 {[%clk 0:03:17]} Qa4
{[%clk 0:03:48]} 34. Qd2 {[%clk 0:03:03]} Qb5 {[%clk 0:03:32]} 35. b4
{[%clk 0:02:32]} Qc4 {[%clk 0:02:04]} 36. Nxf6+ {[%clk 0:02:42]} Rxf6
{[%clk 0:02:27]} 37. Qd5+ {[%clk 0:02:53]} Qxd5 {[%clk 0:02:50]} 38. Rxd5
{[%clk 0:03:22]} Kf8 {[%clk 0:01:52]} 39. Kf2 {[%clk 0:03:30]} Rf7
{[%clk 0:02:00]} 40. Ke3 {[%clk 0:03:33]} Ke8 {[%clk 0:02:16]} 41. Kd4
{[%clk 0:00:53]} Kd7 {[%clk 0:02:35]} 42. Kc4 {[%clk 0:00:51]} Kc6
{[%clk 0:02:29]} 43. Re5 {[%clk 0:00:56]} g6 {[%clk 0:02:11]} 44. Rb2
{[%clk 0:01:14]} Ra8 {[%clk 0:00:47]} 45. b5+ {[%clk 0:00:49]} axb5+
{[%clk 0:01:10]} 46. Rxb5 {[%clk 0:01:15]} Ra7 {[%clk 0:01:27]} 47. Rb6+
{[%clk 0:01:00]} Kd7 {[%clk 0:01:54]} 48. Kd5 {[%clk 0:01:09]} Kd8
{[%clk 0:01:29]} 49. Rb5 {[%clk 0:00:50]} Kd7 {[%clk 0:00:50]} 50. a6
{[%clk 0:01:04]} Kd8 {[%clk 0:00:49]} 51. axb7 {[%clk 0:01:12]} Raxb7
{[%clk 0:01:06]} 52. Ra5 {[%clk 0:00:40]} Ra7 {[%clk 0:01:21]} 53. Rxa7
{[%clk 0:00:54]} Rxa7 {[%clk 0:01:48]} 54. c6 {[%clk 0:01:06]} Ra5+
{[%clk 0:01:48]} 55. Ke6 {[%clk 0:01:26]} Ra6 {[%clk 0:02:05]} 56. c7+
{[%clk 0:01:18]} Kc8 {[%clk 0:02:27]} 57. Rb5 {[%clk 0:01:39]} Ra8
{[%clk 0:02:48]} 58. Rb8+ {[%clk 0:01:52]} Rxb8 {[%clk 0:03:10]} 59. cxb8=Q+
{[%clk 0:02:18]} 1-0

[Event "EYCC 2024 - G18"]
[Site "?"]
[Date "2024.08.23"]
[Round "2.4"]
[White "Sevcikova, Lucia"]
[Black "Bondar, Daria"]
[Result "1/2-1/2"]
[BlackElo "1962"]
[WhiteElo "2103"]
[LiveChessVersion "1.4.8"]

1. d4 {[%clk 1:30:57]} Nf6 {[%clk 1:30:55]} 2. c4 {[%clk 1:31:24]} g6
{[%clk 1:31:22]} 3. Nc3 {[%clk 1:31:51]} Bg7 {[%clk 1:31:47]} 4. e4
{[%clk 1:32:18]} d6 {[%clk 1:32:14]} 5. Bd3 {[%clk 1:32:45]} O-O {[%clk 1:32:39]}
6. Nge2 {[%clk 1:33:13]} Nc6 {[%clk 1:33:03]} 7. O-O {[%clk 1:33:33]} e5
{[%clk 1:33:14]} 8. d5 {[%clk 1:33:29]} Nd4 {[%clk 1:33:37]} 9. Nxd4
{[%clk 1:33:51]} exd4 {[%clk 1:34:04]} 10. Ne2 {[%clk 1:34:17]} Re8
{[%clk 1:34:18]} 11. f3 {[%clk 1:34:43]} c5 {[%clk 1:34:31]} 12. Bg5
{[%clk 1:34:31]} Qc7 {[%clk 1:34:41]} 13. Qd2 {[%clk 1:25:47]} Nd7
{[%clk 1:33:26]} 14. f4 {[%clk 1:20:43]} b5 {[%clk 1:29:36]} 15. b3
{[%clk 1:13:23]} bxc4 {[%clk 1:28:33]} 16. bxc4 {[%clk 1:13:46]} Nf6
{[%clk 1:28:49]} 17. Ng3 {[%clk 1:06:45]} Ng4 {[%clk 1:27:42]} 18. f5
{[%clk 0:58:40]} f6 {[%clk 0:55:31]} 19. h3 {[%clk 0:50:42]} Ne5 {[%clk 0:52:12]}
20. Bf4 {[%clk 0:50:13]} g5 {[%clk 0:47:43]} 21. Bxe5 {[%clk 0:48:16]} dxe5
{[%clk 0:48:08]} 22. Rab1 {[%clk 0:45:56]} Bd7 {[%clk 0:47:41]} 23. h4
{[%clk 0:30:21]} h6 {[%clk 0:46:05]} 24. hxg5 {[%clk 0:29:08]} hxg5
{[%clk 0:46:24]} 25. Rb3 {[%clk 0:25:34]} Reb8 {[%clk 0:42:45]} 26. Rfb1
{[%clk 0:23:58]} Bf8 {[%clk 0:36:53]} 27. Qb2 {[%clk 0:18:50]} Bd6
{[%clk 0:32:06]} 28. Nh5 {[%clk 0:13:35]} Kf7 {[%clk 0:30:40]} 29. g4
{[%clk 0:11:23]} Ba4 {[%clk 0:25:18]} 30. Rb7 {[%clk 0:07:32]} Rxb7
{[%clk 0:25:41]} 31. Qxb7 {[%clk 0:07:59]} Rb8 {[%clk 0:25:43]} 32. Qxc7+
{[%clk 0:06:43]} Bxc7 {[%clk 0:26:08]} 33. Rxb8 {[%clk 0:07:08]} Bxb8
{[%clk 0:26:35]} 34. Kg2 {[%clk 0:03:48]} Bd1 {[%clk 0:20:16]} 35. Kh3
{[%clk 0:03:50]} Bc7 {[%clk 0:20:27]} 36. Ng3 {[%clk 0:02:33]} Ba5
{[%clk 0:20:30]} 37. d6 {[%clk 0:01:05]} Be1 {[%clk 0:17:43]} 38. Nh5
{[%clk 0:00:59]} a6 {[%clk 0:16:37]} 39. a3 {[%clk 0:00:47]} Ba4 {[%clk 0:15:36]}
40. Kg2 {[%clk 0:00:40]} Bc3 {[%clk 0:15:29]} 41. Kf2 {[%clk 0:00:38]} Bb2
{[%clk 0:15:41]} 42. Ke2 {[%clk 0:00:42]} Bxa3 {[%clk 0:15:59]} 43. Kd2
{[%clk 0:00:42]} Bb4+ {[%clk 0:14:13]} 44. Kc1 {[%clk 0:01:01]} Be1
{[%clk 0:12:18]} 45. Bc2 {[%clk 0:00:46]} Bc6 {[%clk 0:12:05]} 46. Kb2
{[%clk 0:00:41]} Ba5 {[%clk 0:11:03]} 47. Ka3 {[%clk 0:00:44]} Bb6
{[%clk 0:10:34]} 48. Ng3 {[%clk 0:00:54]} Ke8 {[%clk 0:08:06]} 49. Ba4
{[%clk 0:00:48]} Kd7 {[%clk 0:07:45]} 50. Bxc6+ {[%clk 0:00:56]} Kxc6
{[%clk 0:08:10]} 51. Ka4 {[%clk 0:01:23]} Kxd6 {[%clk 0:08:30]} 52. Nh1
{[%clk 0:01:24]} d3 {[%clk 0:06:16]} 53. Nf2 {[%clk 0:01:42]} d2 {[%clk 0:06:42]}
54. Nd1 {[%clk 0:02:08]} Bd8 {[%clk 0:06:51]} 55. Ne3 {[%clk 0:02:10]} Bb6
{[%clk 0:07:01]} 1/2-1/2

[Event "EYCC 2024 - G18"]
[Site "?"]
[Date "2024.08.23"]
[Round "2.5"]
[White "Tokarz, Izabela"]
[Black "Siekanska, Maria"]
[Result "1/2-1/2"]
[BlackElo "2097"]
[WhiteElo "1941"]
[LiveChessVersion "1.4.8"]

1. d4 {[%clk 1:30:59]} d5 {[%clk 1:30:50]} 2. c4 {[%clk 1:31:27]} e6
{[%clk 1:31:14]} 3. Nc3 {[%clk 1:31:55]} h6 {[%clk 1:31:40]} 4. Nf3
{[%clk 1:32:06]} Nf6 {[%clk 1:32:04]} 5. Bf4 {[%clk 1:32:17]} Bd6
{[%clk 1:32:21]} 6. Bxd6 {[%clk 1:28:37]} Qxd6 {[%clk 1:32:43]} 7. e3
{[%clk 1:18:28]} O-O {[%clk 1:32:42]} 8. Rc1 {[%clk 1:17:16]} Qe7
{[%clk 1:32:23]} 9. Bd3 {[%clk 1:13:47]} dxc4 {[%clk 1:32:31]} 10. Bxc4
{[%clk 1:14:13]} b6 {[%clk 1:27:03]} 11. O-O {[%clk 1:11:27]} Bb7
{[%clk 1:27:20]} 12. Qe2 {[%clk 1:11:46]} Nbd7 {[%clk 1:17:32]} 13. Rfd1
{[%clk 1:03:01]} c5 {[%clk 1:14:47]} 14. d5 {[%clk 0:57:44]} exd5
{[%clk 1:14:42]} 15. Nxd5 {[%clk 0:58:08]} Nxd5 {[%clk 1:13:32]} 16. Bxd5
{[%clk 0:58:36]} Bxd5 {[%clk 1:11:22]} 17. Rxd5 {[%clk 0:59:04]} Rfd8
{[%clk 1:11:17]} 18. Rcd1 {[%clk 0:59:03]} Nf6 {[%clk 1:11:08]} 19. R5d3
{[%clk 0:59:28]} Ne4 {[%clk 1:03:41]} 20. h3 {[%clk 0:57:36]} Kf8
{[%clk 0:54:17]} 21. Qc2 {[%clk 0:57:42]} Nd6 {[%clk 0:43:17]} 1/2-1/2

[Event "EYCC 2024 - G18"]
[Site "?"]
[Date "2024.08.23"]
[Round "2.6"]
[White "Kochavi, Dana"]
[Black "Weersing, Abigail Riis"]
[Result "0-1"]
[BlackElo "1925"]
[WhiteElo "2083"]
[LiveChessVersion "1.4.8"]

1. e4 {[%clk 1:30:59]} e6 {[%clk 1:30:53]} 2. d4 {[%clk 1:31:25]} d5
{[%clk 1:31:18]} 3. Nc3 {[%clk 1:31:53]} Nf6 {[%clk 1:31:41]} 4. Bg5
{[%clk 1:32:19]} Be7 {[%clk 1:31:58]} 5. e5 {[%clk 1:32:40]} Nfd7
{[%clk 1:32:15]} 6. h4 {[%clk 1:32:45]} Bxg5 {[%clk 1:32:35]} 7. hxg5
{[%clk 1:33:11]} Qxg5 {[%clk 1:32:54]} 8. Nh3 {[%clk 1:33:39]} Qe7
{[%clk 1:32:35]} 9. Qg4 {[%clk 1:33:44]} g6 {[%clk 1:27:38]} 10. O-O-O
{[%clk 1:31:06]} Nc6 {[%clk 1:26:17]} 11. f4 {[%clk 1:27:17]} Nb6
{[%clk 1:23:48]} 12. Ng5 {[%clk 1:27:01]} h5 {[%clk 1:17:57]} 13. Qf3
{[%clk 1:26:55]} Bd7 14. g4 {[%clk 1:20:57]} O-O-O {[%clk 1:08:26]} 15. gxh5
{[%clk 1:21:19]} f6 {[%clk 1:06:44]} 16. exf6 {[%clk 1:15:53]} Qxf6
{[%clk 1:07:09]} 17. Ne2 {[%clk 1:12:57]} gxh5 {[%clk 1:03:11]} 18. Rxh5
{[%clk 1:11:47]} Rxh5 {[%clk 1:03:33]} 19. Qxh5 {[%clk 1:12:13]} Nc4
{[%clk 1:00:22]} 20. Qf3 {[%clk 0:50:12]} Qg6 {[%clk 0:50:02]} 21. a3
{[%clk 0:43:22]} Rf8 {[%clk 0:41:17]} 22. Qg3 {[%clk 0:40:38]} Ne7
{[%clk 0:35:27]} 23. Bh3 {[%clk 0:34:46]} Nf5 {[%clk 0:35:31]} 24. Qd3
{[%clk 0:34:55]} Re8 {[%clk 0:20:39]} 25. Re1 {[%clk 0:31:03]} Qf6
{[%clk 0:18:55]} 26. Kb1 {[%clk 0:22:13]} Kb8 {[%clk 0:12:16]} 27. Ka2 Nfe3
{[%clk 0:10:58]} 28. b3 {[%clk 0:18:07]} Bb5 {[%clk 0:11:22]} 29. Nc3
{[%clk 0:18:02]} Ba6 {[%clk 0:09:24]} 30. Rxe3 {[%clk 0:17:53]} Qxf4
{[%clk 0:09:34]} 31. Rxe6 {[%clk 0:14:27]} Rxe6 {[%clk 0:09:43]} 32. Nxe6
{[%clk 0:14:53]} Qc1 {[%clk 0:09:30]} 33. Nd1 {[%clk 0:12:27]} Nd2
{[%clk 0:09:19]} 34. c4 {[%clk 0:09:49]} dxc4 {[%clk 0:09:29]} 35. bxc4
{[%clk 0:07:38]} Bxc4+ {[%clk 0:09:50]} 36. Qxc4 {[%clk 0:08:04]} Qb1#
{[%clk 0:09:36]} 0-1

[Event "EYCC 2024 - G18"]
[Site "?"]
[Date "2024.08.23"]
[Round "2.7"]
[White "Markus, Molli Amina"]
[Black "Blokhin, Sofia"]
[Result "0-1"]
[BlackElo "2052"]
[WhiteElo "1934"]
[LiveChessVersion "1.4.8"]

1. Nf3 {[%clk 1:30:56]} g6 {[%clk 1:30:53]} 2. c4 {[%clk 1:30:48]} Bg7
{[%clk 1:29:49]} 3. g3 {[%clk 1:30:45]} f5 {[%clk 1:26:13]} 4. Bg2
{[%clk 1:30:21]} Nf6 {[%clk 1:26:20]} 5. O-O {[%clk 1:29:48]} O-O
{[%clk 1:25:32]} 6. Nc3 {[%clk 1:29:10]} d6 {[%clk 1:25:22]} 7. Rb1
{[%clk 1:28:51]} e5 {[%clk 1:19:36]} 8. d3 {[%clk 1:28:37]} Nc6 {[%clk 1:15:18]}
9. b4 {[%clk 1:27:13]} h6 {[%clk 1:09:40]} 10. b5 {[%clk 1:22:59]} Ne7
{[%clk 1:09:29]} 11. a4 {[%clk 1:19:51]} Be6 {[%clk 1:02:12]} 12. Ba3
{[%clk 1:16:55]} g5 {[%clk 0:56:45]} 13. c5 {[%clk 1:14:15]} dxc5
{[%clk 0:49:50]} 14. Bxc5 {[%clk 1:03:37]} Nd7 {[%clk 0:46:16]} 15. Bb4
{[%clk 1:01:25]} a5 {[%clk 0:38:21]} 16. Bxe7 {[%clk 0:30:16]} Qxe7
{[%clk 0:38:46]} 17. Qc2 {[%clk 0:29:33]} Nc5 {[%clk 0:34:14]} 18. Rfc1
{[%clk 0:24:15]} b6 {[%clk 0:30:58]} 19. Nd2 Rad8 {[%clk 0:30:46]} 20. Nf1
{[%clk 0:16:19]} Qf7 {[%clk 0:28:58]} 21. Nd2 {[%clk 0:15:20]} Kh8
{[%clk 0:28:05]} 22. Nd1 {[%clk 0:14:28]} Rd4 {[%clk 0:26:53]} 23. Nc4
{[%clk 0:13:06]} e4 {[%clk 0:25:13]} 24. Ndb2 {[%clk 0:11:37]} exd3
{[%clk 0:24:43]} 25. exd3 {[%clk 0:10:54]} Nxd3 {[%clk 0:20:21]} 26. Nxd3
{[%clk 0:08:26]} Rxc4 {[%clk 0:19:54]} 27. Qe2 {[%clk 0:05:46]} Rxa4
{[%clk 0:16:01]} 28. Rc6 {[%clk 0:05:23]} Re4 {[%clk 0:12:40]} 29. Bxe4
{[%clk 0:03:02]} fxe4 {[%clk 0:13:06]} 30. Ne1 {[%clk 0:02:33]} Bd4
{[%clk 0:11:19]} 31. Nc2 {[%clk 0:01:17]} Bxf2+ {[%clk 0:10:47]} 32. Kg2
{[%clk 0:01:28]} Bd5 {[%clk 0:08:41]} 33. Rxh6+ {[%clk 0:00:51]} Kg7
{[%clk 0:08:08]} 34. Ne3 {[%clk 0:00:41]} Bxe3 {[%clk 0:07:56]} 35. Rh3
{[%clk 0:00:51]} Qf3+ {[%clk 0:08:01]} 36. Qxf3 {[%clk 0:01:15]} exf3+
{[%clk 0:08:27]} 0-1

[Event "EYCC 2024 - G18"]
[Site "?"]
[Date "2024.08.23"]
[Round "2.8"]
[White "Deladerriere, Calypso"]
[Black "Akat, Elifnaz"]
[Result "1/2-1/2"]
[BlackElo "1888"]
[WhiteElo "2044"]
[LiveChessVersion "1.4.8"]

1. e4 {[%clk 1:30:54]} c5 {[%clk 1:30:56]} 2. Nf3 {[%clk 1:31:10]} Nc6
{[%clk 1:31:20]} 3. d4 {[%clk 1:31:28]} cxd4 {[%clk 1:31:46]} 4. Nxd4
{[%clk 1:31:38]} Nf6 {[%clk 1:31:59]} 5. Nc3 {[%clk 1:31:46]} e5 {[%clk 1:31:45]}
6. Ndb5 {[%clk 1:31:47]} d6 {[%clk 1:32:09]} 7. Bg5 {[%clk 1:31:52]} a6
{[%clk 1:32:29]} 8. Na3 {[%clk 1:32:08]} b5 {[%clk 1:32:52]} 9. Nd5
{[%clk 1:32:16]} Be7 {[%clk 1:33:13]} 10. Bxf6 {[%clk 1:32:27]} Bxf6
{[%clk 1:33:38]} 11. c4 {[%clk 1:32:23]} b4 {[%clk 1:34:06]} 12. Nc2
{[%clk 1:32:29]} O-O {[%clk 1:34:21]} 13. g3 {[%clk 1:32:25]} a5 {[%clk 1:32:03]}
14. h4 {[%clk 1:31:25]} Be6 {[%clk 1:27:26]} 15. Nxf6+ {[%clk 1:27:50]} Qxf6
{[%clk 1:26:58]} 16. b3 {[%clk 1:23:25]} a4 {[%clk 1:23:57]} 17. Bg2
{[%clk 1:20:39]} Qe7 {[%clk 1:18:48]} 18. O-O {[%clk 1:12:49]} Rfd8
{[%clk 1:16:22]} 19. Qd3 {[%clk 1:07:47]} Qb7 {[%clk 1:15:13]} 20. Rfd1
{[%clk 1:05:58]} h6 {[%clk 1:12:22]} 21. Ne3 {[%clk 1:01:42]} axb3
{[%clk 1:06:31]} 22. axb3 {[%clk 1:00:07]} Rxa1 {[%clk 0:57:09]} 23. Rxa1
{[%clk 1:00:30]} g6 {[%clk 0:57:35]} 24. Ra4 {[%clk 0:55:50]} Nd4
{[%clk 0:52:48]} 25. Nc2 {[%clk 0:55:12]} Nxc2 {[%clk 0:52:53]} 26. Qxc2
{[%clk 0:55:36]} Bd7 {[%clk 0:53:22]} 27. Ra5 {[%clk 0:50:36]} Bc6
{[%clk 0:51:12]} 28. Qd3 {[%clk 0:44:29]} Qb6 {[%clk 0:49:57]} 29. Ra2
{[%clk 0:44:11]} h5 {[%clk 0:46:45]} 30. Kh2 {[%clk 0:39:34]} Kg7
{[%clk 0:42:41]} 31. Qd2 {[%clk 0:37:35]} Ra8 {[%clk 0:42:47]} 32. Rc2
{[%clk 0:31:46]} Qc5 {[%clk 0:39:40]} 33. Rc1 {[%clk 0:23:57]} f6
{[%clk 0:38:21]} 34. Rd1 {[%clk 0:22:54]} Rd8 {[%clk 0:38:48]} 35. f4
{[%clk 0:18:02]} Rd7 {[%clk 0:29:45]} 36. Rf1 {[%clk 0:16:57]} exf4
{[%clk 0:29:31]} 37. Rxf4 {[%clk 0:11:09]} Re7 {[%clk 0:27:35]} 38. Qb2
{[%clk 0:10:50]} Qe5 {[%clk 0:25:36]} 39. Qf2 {[%clk 0:11:13]} Rf7
{[%clk 0:22:35]} 40. Qd2 {[%clk 0:07:48]} Qc5 {[%clk 0:22:30]} 41. Qd3
{[%clk 0:07:06]} Qe5 {[%clk 0:22:48]} 42. Qd2 {[%clk 0:07:26]} Qc5
{[%clk 0:23:16]} 43. Qd3 {[%clk 0:07:38]} 1/2-1/2

[Event "EYCC 2024 - G18"]
[Site "?"]
[Date "2024.08.23"]
[Round "2.9"]
[White "Deak-Sala, Emilia"]
[Black "Trasakova, Adela"]
[Result "1-0"]
[BlackElo "1853"]
[WhiteElo "2037"]
[LiveChessVersion "1.4.8"]

1. e4 {[%clk 1:30:44]} c6 {[%clk 1:30:58]} 2. d4 {[%clk 1:31:11]} d5
{[%clk 1:31:16]} 3. exd5 {[%clk 1:31:36]} cxd5 {[%clk 1:31:42]} 4. Bd3
{[%clk 1:32:03]} Nc6 {[%clk 1:32:03]} 5. c3 {[%clk 1:32:28]} Qc7 {[%clk 1:32:21]}
6. h3 {[%clk 1:32:51]} Nf6 {[%clk 1:32:18]} 7. Nf3 {[%clk 1:33:17]} g6
{[%clk 1:32:17]} 8. Qc2 {[%clk 1:33:42]} Bg7 {[%clk 1:31:55]} 9. O-O
{[%clk 1:34:07]} O-O {[%clk 1:31:57]} 10. Re1 {[%clk 1:34:33]} Nh5
{[%clk 1:29:52]} 11. Be3 {[%clk 1:34:48]} Nf4 {[%clk 1:28:57]} 12. Bf1
{[%clk 1:35:11]} a6 {[%clk 1:20:01]} 13. Qc1 {[%clk 1:30:11]} Nh5
{[%clk 1:15:15]} 14. Nbd2 {[%clk 1:30:18]} f5 {[%clk 1:01:14]} 15. Nb3
{[%clk 1:29:02]} f4 {[%clk 1:00:46]} 16. Bd2 {[%clk 1:29:25]} Bf5
{[%clk 0:53:40]} 17. Nc5 {[%clk 1:26:57]} Rf6 {[%clk 0:46:46]} 18. Bd3
{[%clk 1:15:27]} Bxd3 {[%clk 0:34:24]} 19. Nxd3 {[%clk 1:15:50]} Re8
{[%clk 0:33:32]} 20. c4 {[%clk 1:08:36]} Rf5 {[%clk 0:22:20]} 21. cxd5
{[%clk 0:59:22]} Rxd5 {[%clk 0:22:45]} 22. Nb4 {[%clk 0:54:24]} Rd7 23. Qc4+
{[%clk 0:53:50]} Kh8 {[%clk 0:16:45]} 24. Rac1 {[%clk 0:54:00]} Qb6
{[%clk 0:12:36]} 25. Qe6 {[%clk 0:45:07]} Rxd4 {[%clk 0:09:48]} 26. Nxd4
{[%clk 0:43:05]} Bxd4 {[%clk 0:07:14]} 27. Bc3 {[%clk 0:42:42]} Ng7
{[%clk 0:06:19]} 28. Bxd4 {[%clk 0:41:58]} Qxd4 {[%clk 0:05:25]} 29. Nxc6
{[%clk 0:42:15]} Nxe6 {[%clk 0:03:14]} 30. Nxd4 {[%clk 0:42:18]} Nxd4
{[%clk 0:03:42]} 31. Rc4 {[%clk 0:41:23]} Nc6 {[%clk 0:02:23]} 32. Rxf4
{[%clk 0:41:46]} Kg7 {[%clk 0:02:21]} 33. Rf3 {[%clk 0:40:38]} Rd8
{[%clk 0:01:54]} 34. b4 {[%clk 0:40:03]} Rd7 {[%clk 0:01:22]} 35. Re4
{[%clk 0:38:55]} Rd1+ {[%clk 0:00:36]} 36. Kh2 {[%clk 0:39:10]} Rd7
{[%clk 0:00:42]} 37. a4 {[%clk 0:39:33]} Kg8 {[%clk 0:00:36]} 38. b5
{[%clk 0:39:15]} axb5 {[%clk 0:00:45]} 39. axb5 {[%clk 0:39:40]} Nd8
{[%clk 0:00:55]} 40. h4 {[%clk 0:36:33]} Kg7 {[%clk 0:00:46]} 41. Ree3
{[%clk 0:33:24]} Kg8 {[%clk 0:00:57]} 42. Rd3 {[%clk 0:33:50]} Rd6
{[%clk 0:00:32]} 43. Rxd6 {[%clk 0:33:43]} exd6 {[%clk 0:01:00]} 44. Rd3
{[%clk 0:33:58]} Kf7 {[%clk 0:00:47]} 45. Rxd6 {[%clk 0:34:23]} Ke7
{[%clk 0:01:04]} 46. Rd3 {[%clk 0:34:32]} Nf7 {[%clk 0:00:46]} 47. g4
{[%clk 0:34:36]} Ne5 {[%clk 0:00:46]} 48. Re3 {[%clk 0:34:43]} Kd6
{[%clk 0:01:06]} 49. Kg3 {[%clk 0:34:18]} Nc4 {[%clk 0:01:16]} 50. Re2
{[%clk 0:33:08]} Na3 {[%clk 0:00:43]} 51. f4 {[%clk 0:33:27]} Nxb5
{[%clk 0:01:03]} 52. f5 {[%clk 0:33:42]} Nd4 {[%clk 0:00:39]} 53. Rd2
{[%clk 0:34:09]} Ke5 {[%clk 0:00:55]} 54. Rxd4 {[%clk 0:34:13]} 1-0